Fragments in a borrowed tongue

This booklet was originally prepared to be used in teaching English to a group of students with whom the author came into contact a few hours a week in a certain college. The readers would become more critically inclined and at the same time more responsive, and this state of mind, if properly direc...

Descrizione completa

Salvato in:
Dettagli Bibliografici
Autore principale: Inouye, Masanao
Natura: Libro
Lingua:Undetermined
Pubblicazione: Japan Kawase & Sons 1927
Soggetti:
Tags: Aggiungi Tag
Nessun Tag, puoi essere il primo ad aggiungerne! !
Thư viện lưu trữ: Trung tâm Học liệu Trường Đại học Cần Thơ
LEADER 00951nam a2200217Ia 4500
001 CTU_110429
008 210402s9999 xx 000 0 und d
082 |a 421.5 
082 |b I.58 
100 |a Inouye, Masanao 
245 0 |a Fragments in a borrowed tongue 
245 0 |c Masanao Inouye 
260 |a Japan 
260 |b Kawase & Sons 
260 |c 1927 
520 |a This booklet was originally prepared to be used in teaching English to a group of students with whom the author came into contact a few hours a week in a certain college. The readers would become more critically inclined and at the same time more responsive, and this state of mind, if properly directed, would lead them to read through such a text with greater application. 
650 |a English language,English language 
650 |x Foreign words and phrases,Pronunciation 
650 |z Japan 
904 |i Minh 
980 |a Trung tâm Học liệu Trường Đại học Cần Thơ